000 00458nam a22001575i 4500
001 48405
003 ES-MaACL
007 t|
008 950718s1885 sz ||||1| fre d
040 _aCAM
_bspa
_cCAM
100 1 _aDávila-Larrain, B.
_942945
245 1 2 _aL'avenir industriel du Chili /
_cpar B. Dávila-Larrain.
260 _aZurich :
_b[s.n.],
_c1885 (
_ftyp. Orell Fussli & Co.)
300 _a46 p. :
_bil. ;
_c19 cm.
852 _aES-MaACL
_jT-399-F-18
999 _c48405
_d48405